itty bitty - ashnikko - Statistics

General Stats
  • This quiz has been taken 14 times
  • The average score is 277 of 355
Answer Stats
Answer % Correct
bitty
100%
i
100%
it
100%
itty
100%
little
100%
skirt
100%
slutty
100%
tiny
100%
a
89%
every
89%
fuck
89%
go
89%
heart
89%
hurt
89%
in
89%
like
89%
me
89%
my
89%
on
89%
put
89%
teeny
89%
the
89%
time
89%
to
89%
when
89%
and
78%
back
78%
bitch
78%
broke
78%
fun
78%
girlfriend
78%
have
78%
im
78%
just
78%
kart
78%
of
78%
rockstar
78%
succubus
78%
tongues
78%
two
78%
up
78%
yeah?
78%
you
78%
you)
78%
am
67%
ass
67%
bathroom
67%
bend
67%
bubblegum
67%
can
67%
city
67%
club
67%
cold
67%
doin
67%
finger
67%
fix
67%
fucked
67%
gettin
67%
good
67%
had
67%
heat
67%
over?
67%
pussy?
67%
see
67%
sex
67%
wanna
67%
want
67%
wish
67%
with
67%
boot
56%
cryogenic
56%
cute
56%
desert
56%
dragonfruit
56%
gloss
56%
here
56%
lip
56%
new
56%
now
56%
okay
56%
pink
56%
quartz
56%
right
56%
rose
56%
she
56%
so
56%
someone
56%
super
56%
truck
56%
whip
56%
work
56%
blow
44%
dart
44%
dick
44%
dj
44%
fall
44%
for
44%
great
44%
hung
44%
itll
44%
know
44%
lookin
44%
numb
44%
thirst
44%
til
44%
tranquilize
44%
troublesome
44%
are
33%
dumb
33%
dyson
33%
hoover
33%
(how
33%
magnetic
33%
mischievous
33%
suck
33%
thumbelina
33%
ah
22%
(wow)
0%
No matching quizzes found
Score Distribution
Percent of People with Each Score
Percentile by Number Answered
Your Score History
You have not taken this quiz